|
|
|
|
| LEADER |
00000nam0a2200000 4500 |
| 001 |
253942 |
| 005 |
20231101232905.0 |
| 010 |
|
|
|a 523900269X
|
| 020 |
|
|
|a RU
|b 89-46543
|
| 035 |
|
|
|a (RuTPU)RU\TPU\book\276362
|
| 090 |
|
|
|a 253942
|
| 100 |
|
|
|a 20140318d1989 km a0rusy5003 ca
|
| 101 |
0 |
|
|a rus
|
| 102 |
|
|
|a RU
|
| 105 |
|
|
|a c z 001zy
|
| 200 |
1 |
|
|a Письма о науке, 1930-1980
|f П. Л. Капица
|
| 210 |
|
|
|a Москва
|c Московский рабочий
|d 1989
|
| 215 |
|
|
|a 400 с., [8] л. ил.
|
| 320 |
|
|
|a Имен. указ.: с. 375-397.
|
| 606 |
1 |
|
|a Наука
|2 stltpush
|3 (RuTPU)RU\TPU\subj\45070
|9 64332
|
| 610 |
1 |
|
|a физическая наука
|
| 610 |
1 |
|
|a история
|
| 610 |
1 |
|
|a 20 век
|
| 610 |
1 |
|
|a развитие
|
| 610 |
1 |
|
|a научные коллективы
|
| 610 |
1 |
|
|a новаторство
|
| 610 |
1 |
|
|a стимулирование
|
| 686 |
|
|
|a Ч214(2)
|2 rubbk
|
| 700 |
|
1 |
|a Капица
|b П. Л.
|c российский физик
|c нобелевский лауреат
|f 1894-1984
|g Петр Леонидович
|2 stltpush
|3 (RuTPU)RU\TPU\pers\1097
|9 496
|
| 801 |
|
0 |
|a RU
|b RuMRKP
|c 19950417
|g psbo
|
| 801 |
|
1 |
|a RU
|b 63413507
|c 20140318
|
| 801 |
|
2 |
|a RU
|b 63413507
|c 20140422
|g RCR
|
| 942 |
|
|
|c BK
|